MLB RBI Champs - Statistics

General Stats
  • This quiz has been taken 59 times
  • The average score is 83 of 175
Answer Stats
Year Player % Correct
2022 Aaron Judge
100%
1993 Barry Bonds
94%
1922 Ken Williams
94%
1990 Matt Williams
94%
2024 Shohei Ohtani
94%
1939 Ted Williams
94%
2005 David Ortiz
88%
1999 Manny Ramirez
88%
1999 Mark McGwire
88%
1956 Mickey Mantle
88%
2010 Miguel Cabrera
88%
2014 Mike Trout
88%
1973 Reggie Jackson
88%
1998 Sammy Sosa
88%
2005 Andruw Jones
81%
Babe Ruth
81%
2000 Edgar Martinez
81%
1978 Jim Rice
81%
1997 Ken Griffey, Jr.
81%
1976 Lee May
81%
1927 Lou Gehrig
81%
1907 Ty Cobb
81%
2014 Adrian Gonzalez
75%
2010 Albert Pujols
75%
2002 Alex Rodriguez
75%
1964 Brooks Robinson
75%
1967 Carl Yastrzemski
75%
2013 Chris Davis
75%
1966 Frank Robinson
75%
1987 George Bell
75%
1976 George Foster
75%
2017 Giancarlo Stanton
75%
1957 Hank Aaron
75%
1935 Hank Greenberg
75%
1969 Harmon Killebrew
75%
1905 Harry Davis
75%
1941 Joe DiMaggio
75%
1988 Jose Canseco
75%
1998 Juan Gonzalez
75%
1980 Mike Schmidt
75%
2013 Paul Goldschmidt
75%
1960 Roger Maris
75%
2021 Salvador Perez
75%
1948 Stan Musial
75%
1962 Tommy Davis
75%
1968 Willie McCovey
75%
1973 Willie Stargell
75%
1987 Andre Dawson
69%
1911 (Tied) Chief Wilson
69%
1965 Deron Johnson
69%
1981 Eddie Murray
69%
1929 Hack Wilson
69%
1991 Howard Johnson
69%
1994 Jeff Bagwell
69%
1971 Joe Torre
69%
2025 Kyle Schwarber
69%
2023 Matt Olson
69%
2022 Pete Alonso
69%
2003 Preston Wilson
69%
1949 Ralph Kiner
69%
1920 (Tied) Rogers Hornsby
69%
2000 Todd Helton
69%
1979 Dave Winfield
63%
1985 Don Mattingly
63%
1970 Frank Howard
63%
2018 J.D. Martinez
63%
1932 Jimmie Foxx
63%
1995 (Tied) Mo Vaughn
63%
1904 Nap Lajoie
63%
1961 Orlando Cepeda
63%
2006 Ryan Howard
63%
1993 Albert Belle
56%
1929 Al Simmons
56%
1903 Buck Freeman
56%
2025 Cal Raleigh
56%
1931 Chuck Klein
56%
1983 Dale Murphy
56%
1945 Dixie Walker
56%
1970 Johnny Bench
56%
1940 Johnny Mize
56%
2008 Josh Hamilton
56%
1989 Kevin Mitchell
56%
1934 Mel Ott
56%
2015 Nolan Arenado
56%
1985 Dave Parker
50%
1979 Don Baylor
50%
1955 Duke Snider
50%
1958 Ernie Banks
50%
1984 (Tied) Gary Carter
50%
1908 Honus Wagner
50%
1986 Joe Carter
50%
1927 Paul Waner
50%
1988 Will Clark
50%
1996 Andres Galarraga
44%
1975 George Scott
44%
1912 Home Run Baker
44%
1974 Jeff Burroughs
44%
1936 Joe Medwick
44%
2015 Josh Donaldson
44%
2009 Mark Teixeira
44%
2004 Miguel Tejada
44%
1980 Cecil Cooper
38%
1990 Cecil Fielder
38%
1995 Dante Bichette
38%
1916 Heinie Zimmerman
38%
1994 Kirby Puckett
38%
2009 (Tied) Prince Fielder
38%
1953 Roy Campanella
38%
1910 Sam Crawford
38%
1984 Tony Armas
38%
1925 Bob Meusel
31%
2003 Carlos Delgado
31%
1972 Dick Allen
31%
1923 Irish Meusel
31%
2019 José Abreu
31%
2002 Lance Berkman
31%
2020 Marcell Ozuna
31%
2011 Matt Kemp
31%
2017 Nelson Cruz
31%
2019 Anthony Rendon
25%
2011 Curtis Granderson
25%
1941 Dolph Camilli
25%
1924 Goose Goslin
25%
1975 Greg Luzinski
25%
1982 Hal McRae
25%
1952 Hank Sauer
25%
1955 (Tied) Jackie Jensen
25%
1964 Ken Boyer
25%
2023 Kyle Tucker
25%
1954 Larry Doby
25%
2007 Matt Holliday
25%
1965 Rocky Colavito
25%
1954 Ted Kluszewski
25%
1944 Vern Stephens
25%
1982 (Tied) Al Oliver
19%
1943 Bill Nicholson
19%
2001 Bret Boone
19%
2016 (Tied) Edwin Encarnacion
19%
1946 Enos Slaughter
19%
1939 Frank McCormick
19%
1920 (Tied) George Kelly
19%
1936 Hal Trosky
19%
1926 Jim Bottomley
19%
1961 (Tied) Jim Gentile
19%
1968 Ken Harrelson
19%
1977 Larry Hisle
19%
1955 (Tied) Ray Boone
19%
2004 Vinny Castilla
19%
1952 Al Rosen
13%
1905 Cy Seymour
13%
1963 Dick Stuart
13%
2018 Javier Báez
13%
1945 Nick Etten
13%
1957 Roy Sievers
13%
1989 Ruben Sierra
13%
1943 Rudy York
13%
1950 (Tied) Walt Dropo
13%
1915 (Tied) Bobby Veach
6%
1992 Darren Daulton
6%
1951 Gus Zernial
6%
1951 Monte Irvin
6%
1907 Sherry Magee
6%
2021 Adam Duvall
0%
1904 Bill Dahlen
0%
2012 Chase Headley
0%
1950 Del Ennis
0%
1916 Del Pratt
0%
1932 Don Hurst
0%
1911 (Tied) Frank Schulte
0%
1913 Gavvy Cravath
0%
1906 (Tied) Harry Steinfeldt
0%
1919 Hy Myers
0%
1906 (Tied) Joe Nealon
0%
1903 Sam Mertes
0%
1935 Wally Berger
0%
No matching quizzes found
Score Distribution
Percent of People with Each Score
Percentile by Number Answered
Your Score History
You have not taken this quiz